Statistics for George Clooney Movies Quiz

Click here to take the quiz!

General Stats

  • This quiz has been taken 12,733 times
    (8,777 since last reset)
  • The average score is 7 of 15

Answer Stats

Description Movie % Correct
One man and his ten closest associates plan an elaborate casino heistOcean's Eleven
97%
Dynamic duo must stop the diabolical Mr. FreezeBatman & Robin
84%
Scientist is trapped in space after her space shuttle is destroyed by space debrisGravity
82%
Man of constant sorrow escapes the chain gang and has a
musical odyssey through the American South
O Brother, Where
Art Thou?
56%
Allied soldiers try to recover art stolen by the NazisThe Monuments Men
51%
Mischeivous fox can't resist the temptation to raid farmsFantastic Mr. Fox
47%
A man has a dream ... a dream to reach 10 million frequent flier milesUp in the Air
44%
Soldiers conspire to steal Iraqi gold after the Gulf WarThree Kings
39%
Military quacks try to develop weapons using psychic powersThe Men Who Stare
at Goats
38%
Despicable criminals fight vampires in a bar/strip club in the Mexican desertFrom Dusk Till Dawn
35%
Comically incompetent CIA officials must recover sensitive material left in a Hardbodies gymBurn After Reading
35%
Hawaiian man must decide what to do with his family's vast Hawaiian land holdingsThe Descendants
34%
Old-timey football players battle for football supremacy and the affections of a womanLeatherheads
25%
In the smoke-filled newsrooms of the 1950s, one anchorman has the courage to
stand up to McCarthy's Communist witch hunt
Good Night, and
Good Luck
23%
Legal fixer must expose an evil corporation that poisoned farm people
and assassinated his colleague
Michael Clayton
20%

Score Distribution

Percentile by Number Answered

Percent of People with Each Score

Your Score History

You have not taken this quiz since the last reset